Musical Chairs Quiz Stats

 Plays Quiz Updated Sep 4, 2015

Challenge
Share
Tweet
Score 0/15 Timer 08:00
0 Plays Today
% Correct
Beauty and the Beast
97.9%
Annie
95.3%
Phantom of the Opera
91.8%
Chicago
86.8%
Les Miserables
86.1%
Wicked
85.9%
Rocky Horror Picture Show
80.5%
Rent
74.8%
% Correct
Cabaret
74.6%
Little Shop of Horrors
59.9%
Billy Elliot
54.8%
Guys and Dolls
47.6%
Once
42.1%
Singin' in the Rain
27.8%
Sunday in the Park with George
12.6%

You're not logged in!

Compare scores with friends on all Sporcle quizzes.
Join for Free
OR
Log In

You Might Also Like...

Show Comments

Extras

Top Quizzes Today


Score Distribution

Your Account Isn't Verified!

In order to create a playlist on Sporcle, you need to verify the email address you used during registration. Go to your Sporcle Settings to finish the process.

Report this User

Report this user for behavior that violates our Community Guidelines.

Details: